000 00453pab a2200157 454500
008 180718b1971 xxu||||| |||| 00| 0 eng d
100 _aMohapatra, Manindra Kumar
245 _aLegislators' administrative role perceptions in an Indian state: An empirical exploration
260 _c1971
300 _ap.667-697.
362 _aOct-Dec
650 _aParliament
773 _aIndian Journal of Public Administration
908 _aN
909 _a100013
999 _c100012
_d100012